[Event "South African op"]
[Site "Cape Town"]
[Date "2022.07.13"]
[Round "7"]
[White "Willenberg, Shane C"]
[Black "Du Plessis, Anika"]
[Result "1-0"]
[WhiteElo "1816"]
[BlackElo "1545"]
[PlyCount "125"]
[EventDate "2022.07.09"]
[EventType "swiss"]
[EventRounds "11"]
[EventCountry "RSA"]
[SourceTitle "CBM 209 Extra"]
[Source "ChessBase"]
[SourceDate "2022.09.30"]
[SourceVersion "1"]
[SourceVersionDate "2022.09.30"]
[SourceQuality "1"]

1. e4 c5 2. Nf3 d6 3. d4 cxd4 4. Nxd4 Nf6 5. Nc3 a6 6. Bg5 e5 7. Nde2 Be6 8. g3 Be7 9. Bg2 Nbd7 10. Qd2 0-0 11. 0-0 Rc8 12. h3 b5 13. a3 Nb6 14. Rad1 Nc4 15. Qc1 Qd7 16. Kh2 h6 17. Bxf6 Bxf6 18. Nd5 Bxd5 19. Rxd5 Rfd8 20. Rfd1 Qa7 21. Kg1 Bg5 22. Qb1 Rc5 23. h4 Be7 24. Qc1 Qc7 25. R1d3 Rc6 26. Rc3 Rc8 27. Bh3 Rd8 28. Rdd3 a5 29. b3 Nb6 30. Qe3 a4 31. Qf3 axb3 32. cxb3 Rc5 33. Qh5 Bf8 34. Rf3 g6 35. Qg4 h5 36. Qg5 Qe7 37. Rf6 Nd7 38. Bxd7 Rxd7 39. Rxc5 dxc5 40. Rb6 Rd1+ 41. Kg2 Qxg5 42. hxg5 Ra1 43. Rxb5 Rxa3 44. Nc1 Kg7 45. Nd3 c4 46. Nxe5 Rxb3 47. Rxb3 cxb3 48. Nc4 Bb4 49. Kf3 Bc3 50. Ke2 Kf8 51. Nd2 Bxd2 52. Kxd2 Ke7 53. Kc3 Kd6 54. f4 Kc5 55. Kxb3 Kd4 56. e5 Ke4 57. Kc4 Kf3 58. f5 Kxg3 59. fxg6 fxg6 60. e6 h4 61. e7 h3 62. e8Q h2 63. Qa8 1-0

[Event "South African op"]
[Site "Cape Town"]
[Date "2022.07.11"]
[Round "5"]
[White "Willenberg, Shane C"]
[Black "Selepe, Lwazi"]
[Result "1/2-1/2"]
[WhiteElo "1816"]
[BlackElo "1480"]
[PlyCount "95"]
[EventDate "2022.07.09"]
[EventType "swiss"]
[EventRounds "11"]
[EventCountry "RSA"]
[SourceTitle "CBM 209 Extra"]
[Source "ChessBase"]
[SourceDate "2022.09.30"]
[SourceVersion "1"]
[SourceVersionDate "2022.09.30"]
[SourceQuality "1"]

1. e4 c5 2. Nf3 d6 3. d4 cxd4 4. Nxd4 Nf6 5. Nc3 a6 6. Bg5 e6 7. f4 Nc6 8. e5 h6 9. Bh4 Nxd4 10. Qxd4 dxe5 11. Qxd8+ Kxd8 12. fxe5 g5 13. Bxg5 hxg5 14. exf6 Bd7 15. 0-0-0 Kc7 16. Ne4 Bc6 17. Bd3 Rh4 18. Rde1 g4 19. Kb1 Bd6 20. Nxd6 Kxd6 21. Be4 Rah8 22. Bxc6 Kxc6 23. Kc1 Rxh2 24. Rxh2 Rxh2 25. Re2 Rh1+ 26. Kd2 Rf1 27. Re4 Rf2+ 28. Ke3 Rxg2 29. Rc4+ Kd6 30. Kf4 e5+ 31. Kf5 g3 32. Kg4 Rf2 33. Kxg3 Rxf6 34. Rb4 b5 35. a4 Kc5 36. c3 Rf4 37. Rxf4 exf4+ 38. Kxf4 bxa4 39. Ke5 a5 40. Kf6 Kc4 41. Kxf7 a3 42. bxa3 a4 43. Ke6 Kxc3 44. Kd5 Kb3 45. Kd4 Kxa3 46. Kc3 Ka2 47. Kc2 Ka1 48. Kc1 1/2-1/2

[Event "South African op"]
[Site "Cape Town"]
[Date "2022.07.09"]
[Round "1"]
[White "Willenberg, Shane C"]
[Black "Coetsee, Dewald"]
[Result "1/2-1/2"]
[WhiteElo "1816"]
[BlackElo "1218"]
[PlyCount "49"]
[EventDate "2022.07.09"]
[EventType "swiss"]
[EventRounds "11"]
[EventCountry "RSA"]
[SourceTitle "CBM 209 Extra"]
[Source "ChessBase"]
[SourceDate "2022.09.30"]
[SourceVersion "1"]
[SourceVersionDate "2022.09.30"]
[SourceQuality "1"]

1. e4 c5 2. Nc3 Nc6 3. f4 g6 4. Nf3 Bg7 5. Bb5 Nd4 6. 0-0 Nxb5 7. Nxb5 a6 8. Nc3 b5 9. d3 Bb7 10. Rb1 d5 11. Nxd5 Bxd5 12. exd5 Qxd5 13. a3 Nh6 14. Qe1 Nf5 15. Bd2 0-0 16. Bc3 Nd4 17. Nxd4 Bxd4+ 18. Bxd4 Qxd4+ 19. Qf2 Rfd8 20. Rfe1 Ra7 21. Re4 Qxf2+ 22. Kxf2 e6 23. Rbe1 Rc7 24. R1e2 Rcd7 25. g3 1/2-1/2

[Event "Johannesburg FASU bltz op 8th"]
[Site "Johannesburg"]
[Date "2016.06.28"]
[Round "5"]
[White "Bosane, Innocent"]
[Black "Willenberg, Shane C"]
[Result "0-1"]
[WhiteElo "1673"]
[BlackElo "1843"]
[PlyCount "114"]
[EventDate "2016.06.28"]
[EventType "swiss (blitz)"]
[EventRounds "10"]
[EventCountry "RSA"]
[SourceTitle "EXT 2017"]
[Source "ChessBase"]
[SourceDate "2016.10.25"]
[SourceVersion "1"]
[SourceVersionDate "2016.10.25"]
[SourceQuality "1"]

1. e4 c5 2. Nf3 Nc6 3. Bb5 g6 4. Bxc6 dxc6 5. d4 Bg7 6. c3 Bg4 7. Be3 Bxf3 8. Qxf3 cxd4 9. cxd4 Bxd4 10. Nc3 Bg7 11. 0-0 Nf6 12. Rad1 Qa5 13. e5 Qxe5 14. Rfe1 Qh5 15. Qxh5 Nxh5 16. Bc5 e6 17. g3 b6 18. Bd6 Rd8 19. Bc7 Rxd1 20. Rxd1 0-0 21. Rd7 Nf6 22. Rd1 Nd5 23. Nxd5 cxd5 24. b3 Rc8 25. Rc1 Be5 26. Bxe5 Rxc1+ 27. Kg2 Rc2 28. a3 Kf8 29. b4 Ra2 30. b5 Re2 31. Bb8 Ra2 32. Bxa7 Rxa3 33. Bxb6 Rb3 34. Bc5+ Ke8 35. b6 Kd7 36. Kf1 Kc6 37. Be3 e5 38. Kg2 d4 39. Bg5 Rxb6 40. Bf6 Kd5 41. Bg5 e4 42. Bh6 f5 43. Bf4 Rb3 44. h4 d3 45. Kf1 Rb1+ 46. Kg2 Kc4 47. f3 Kc3 48. fxe4 fxe4 49. g4 d2 50. Bxd2+ Kxd2 51. Kf2 e3+ 52. Kf3 e2 53. Kf4 e1Q 54. Kg5 Qe3+ 55. Kf6 Rf1+ 56. Kg7 g5 57. h5 Qe7+ 0-1

[Event "RSA-chT Regions"]
[Site "Cape Town"]
[Date "2016.01.10"]
[Round "7.2"]
[White "Lynch, Justin"]
[Black "Willenberg, Shane C"]
[Result "1/2-1/2"]
[WhiteElo "1734"]
[BlackElo "1812"]
[PlyCount "89"]
[EventDate "2016.01.08"]
[EventType "team-swiss"]
[EventRounds "7"]
[EventCountry "RSA"]
[SourceTitle "CBM 170 Extra"]
[Source "ChessBase"]
[SourceDate "2016.02.25"]
[SourceVersion "1"]
[SourceVersionDate "2016.02.25"]
[SourceQuality "1"]
[WhiteTeam "Western Province Youth"]
[BlackTeam "Western Province Invitational"]
[WhiteTeamCountry "RSA"]
[BlackTeamCountry "RSA"]

1. d4 Nf6 2. c4 g6 3. Nc3 Bg7 4. Nf3 d6 5. Bg5 h6 6. Bh4 g5 7. Bg3 Nh5 8. e3 Nxg3 9. hxg3 Bf5 10. Be2 Nd7 11. Qd2 c5 12. 0-0 0-0 13. Rfd1 Nf6 14. Rac1 a6 15. a3 Rc8 16. b4 b6 17. Qb2 Ne4 18. Nxe4 Bxe4 19. Qb3 Qc7 20. Nd2 Bg6 21. Nb1 Rfd8 22. Nc3 e6 23. Qa4 Kh8 24. Bf3 cxd4 25. exd4 e5 26. Nd5 Qa7 27. dxe5 Bxe5 28. Qb3 b5 29. cxb5 axb5 30. Qa2 Bxg3 31. Rxc8 Rxc8 32. Ne3 Bf4 33. Ng4 h5 34. Qb2+ Kh7 35. Nf6+ Kh6 36. Nd5 Be5 37. Qd2 Rc2 38. Qe3 Qxe3 39. Nxe3 Ra2 40. Bc6 Rxa3 41. Bxb5 Rb3 42. Nd5 Be4 43. Bc4 Bxd5 44. Bxd5 Rxb4 45. Bxf7 1/2-1/2

[Event "South African op"]
[Site "Cape Town"]
[Date "2015.07.04"]
[Round "3"]
[White "Willenberg, Shane C"]
[Black "Bhawoodien, Mohamed Ozayr"]
[Result "1-0"]
[WhiteElo "1828"]
[BlackElo "2031"]
[PlyCount "79"]
[EventDate "2015.07.03"]
[EventType "swiss"]
[EventRounds "11"]
[EventCountry "RSA"]
[SourceTitle "CBM 167 Extra"]
[Source "ChessBase"]
[SourceDate "2015.09.14"]
[SourceVersion "1"]
[SourceVersionDate "2015.09.14"]
[SourceQuality "1"]

1. e4 e5 2. Bc4 Nf6 3. d4 exd4 4. Nf3 Bc5 5. e5 d5 6. exf6 dxc4 7. Qe2+ Be6 8. fxg7 Rg8 9. Bg5 Qd5 10. Nc3 dxc3 11. Rd1 cxb2 12. 0-0 c6 13. Rxd5 cxd5 14. Bf6 Nd7 15. Bxb2 0-0-0 16. Ng5 Rde8 17. Re1 d4 18. Ne4 c3 19. Nxc5 Nxc5 20. Ba3 Bd7 21. Qxe8+ Bxe8 22. Bxc5 d3 23. cxd3 c2 24. Bf8 Bb5 25. d4 Be2 26. Rc1 Bd1 27. Kf1 Kd7 28. d5 b5 29. Ke1 b4 30. g4 a5 31. Rxd1 cxd1Q+ 32. Kxd1 Kc7 33. g5 Kb6 34. d6 a4 35. Kc2 Kc6 36. h4 Kd7 37. h5 Ke8 38. f4 Kd7 39. h6 Ke8 40. f5 1-0

[Event "Africa-ch U20"]
[Site "Tiaret"]
[Date "2014.01.31"]
[Round "9"]
[White "Willenberg, Shane C"]
[Black "Nader, Mohamed"]
[Result "0-1"]
[WhiteElo "1893"]
[BlackElo "2104"]
[PlyCount "86"]
[EventDate "2014.01.25"]
[EventType "swiss"]
[EventRounds "9"]
[EventCountry "ALG"]
[SourceTitle "CBM 158 Extra"]
[Source "ChessBase"]
[SourceDate "2014.02.28"]
[SourceVersion "1"]
[SourceVersionDate "2014.02.28"]
[SourceQuality "1"]

1. e4 c5 2. Nf3 a6 3. c4 e6 4. Nc3 Qc7 5. d4 cxd4 6. Nxd4 Nf6 7. Nc2 Nc6 8. Be2 Bd6 9. h3 Bf4 10. Be3 Bxe3 11. Nxe3 Qe5 12. Qc2 Nd4 13. Qd3 Nxe2 14. Qxe2 0-0 15. 0-0 b5 16. f4 Qh5 17. Qxh5 Nxh5 18. e5 Bb7 19. Kh2 f5 20. cxb5 axb5 21. Nc2 Bc6 22. Nb4 h6 23. Rad1 g5 24. g3 gxf4 25. gxf4 Rf7 26. Nxc6 dxc6 27. a3 c5 28. Rd6 b4 29. axb4 cxb4 30. Nb5 Ra2 31. Rf2 Rg7 32. Rxe6 Ra1 33. Re8+ Kh7 34. Rg2 Rxg2+ 35. Kxg2 Nxf4+ 36. Kg3 Ng6 37. Nd4 f4+ 38. Kf3 Re1 39. e6 Re3+ 40. Kg4 Rg3+ 41. Kf5 f3 42. Ra8 Ne7+ 43. Kf4 f2 0-1

[Event "Africa-ch U20"]
[Site "Tiaret"]
[Date "2014.01.29"]
[Round "7"]
[White "Willenberg, Shane C"]
[Black "Bhawoodien, Mohamed Ozayr"]
[Result "1/2-1/2"]
[WhiteElo "1893"]
[BlackElo "1913"]
[PlyCount "61"]
[EventDate "2014.01.25"]
[EventType "swiss"]
[EventRounds "9"]
[EventCountry "ALG"]
[SourceTitle "CBM 158 Extra"]
[Source "ChessBase"]
[SourceDate "2014.02.28"]
[SourceVersion "1"]
[SourceVersionDate "2014.02.28"]
[SourceQuality "1"]

1. e4 e5 2. c4 Nf6 3. Nc3 Bc5 4. g3 d6 5. Bg2 Nc6 6. d3 h6 7. h3 a5 8. Nf3 0-0 9. 0-0 Be6 10. Nd5 Nd4 11. Be3 c6 12. Nxf6+ Qxf6 13. Nxd4 exd4 14. Bd2 Qe7 15. g4 Qd7 16. f4 f6 17. f5 Bf7 18. h4 d5 19. cxd5 cxd5 20. g5 dxe4 21. Bxe4 fxg5 22. hxg5 hxg5 23. Bxg5 Bd5 24. Qh5 Rae8 25. Rf4 Bxe4 26. dxe4 d3+ 27. Kh1 Be3 28. Rh4 Bxg5 29. Qh7+ Kf7 30. Qg6+ Kg8 31. Qh7+ 1/2-1/2

[Event "Africa-ch U20"]
[Site "Tiaret"]
[Date "2014.01.27"]
[Round "3"]
[White "Silvio, Famorosa F"]
[Black "Willenberg, Shane C"]
[Result "0-1"]
[WhiteElo "1981"]
[BlackElo "1893"]
[PlyCount "52"]
[EventDate "2014.01.25"]
[EventType "swiss"]
[EventRounds "9"]
[EventCountry "ALG"]
[SourceTitle "CBM 158 Extra"]
[Source "ChessBase"]
[SourceDate "2014.02.28"]
[SourceVersion "1"]
[SourceVersionDate "2014.02.28"]
[SourceQuality "1"]

1. d4 Nf6 2. Nc3 d5 3. e4 dxe4 4. f3 exf3 5. Nxf3 g6 6. Bg5 Bg7 7. Bc4 0-0 8. Qd2 Nbd7 9. 0-0-0 c6 10. h4 Nb6 11. Bb3 a5 12. a3 Bg4 13. Rde1 Nbd5 14. Nxd5 cxd5 15. Ne5 Bf5 16. h5 Ne4 17. Rxe4 Bxe4 18. Bh6 Bxe5 19. dxe5 a4 20. Ba2 Rc8 21. Bb1 Re8 22. Be3 Qd7 23. hxg6 fxg6 24. c3 Bxb1 25. Kxb1 Rf8 26. Bd4 Qe6 0-1

[Event "Africa-ch U20"]
[Site "Tiaret"]
[Date "2014.01.27"]
[Round "4"]
[White "Willenberg, Shane C"]
[Black "Meftahi, Houssem"]
[Result "0-1"]
[WhiteElo "1893"]
[BlackElo "1994"]
[PlyCount "105"]
[EventDate "2014.01.25"]
[EventType "swiss"]
[EventRounds "9"]
[EventCountry "ALG"]
[SourceTitle "CBM 158 Extra"]
[Source "ChessBase"]
[SourceDate "2014.02.28"]
[SourceVersion "1"]
[SourceVersionDate "2014.02.28"]
[SourceQuality "1"]

1. e4 c5 2. Nc3 Nc6 3. f4 e6 4. Nf3 d5 5. Bb5 Nge7 6. Ne5 Qd6 7. exd5 exd5 8. Qe2 f6 9. Nf3 Bg4 10. Bxc6+ Qxc6 11. 0-0 0-0-0 12. Ne5 Bxe2 13. Nxc6 Nxc6 14. Nxe2 Re8 15. Ng3 Nb4 16. c3 Nd3 17. Rf3 c4 18. h3 Bc5+ 19. Kh2 Re1 20. Rf1 Rhe8 21. b4 cxb3 22. axb3 Rxf1 23. Nxf1 Re1 24. Bb2 Rxf1 25. Rxf1 Nxb2 26. d4 Bd6 27. g3 a5 28. Rb1 Nd3 29. Kg2 a4 30. bxa4 Ba3 31. Ra1 Bb2 32. Rd1 Nc1 33. Rd2 Ba3 34. c4 Nb3 35. Ra2 Bd6 36. cxd5 Nxd4 37. a5 Kb8 38. Ra4 Nf5 39. Kf3 Ka7 40. Re4 Bc7 41. Re8 Ka6 42. g4 Nd6 43. Re7 Bxa5 44. Rxg7 b5 45. Rxh7 b4 46. Ke2 b3 47. Kd1 Bc3 48. g5 b2 49. Kc2 Nc4 50. Kxc3 b1Q 51. Rh6 Kb5 52. Rxf6 Qc1+ 53. Kd3 0-1

[Event "Africa-ch U20"]
[Site "Tiaret"]
[Date "2014.01.26"]
[Round "2"]
[White "Willenberg, Shane C"]
[Black "Araoun, Saadi"]
[Result "1-0"]
[WhiteElo "1893"]
[BlackElo "1580"]
[PlyCount "103"]
[EventDate "2014.01.25"]
[EventType "swiss"]
[EventRounds "9"]
[EventCountry "ALG"]
[SourceTitle "CBM 158 Extra"]
[Source "ChessBase"]
[SourceDate "2014.02.28"]
[SourceVersion "1"]
[SourceVersionDate "2014.02.28"]
[SourceQuality "1"]

1. e4 c6 2. d3 d5 3. Nd2 e5 4. Ngf3 Bg4 5. h3 Bxf3 6. Qxf3 Nf6 7. Be2 Nbd7 8. 0-0 Be7 9. Re1 0-0 10. Nf1 dxe4 11. dxe4 Nc5 12. Ng3 Qa5 13. Be3 Ne6 14. c3 g6 15. Bc4 Ng7 16. Bg5 Qd8 17. Rad1 Nd7 18. Bh6 Qc7 19. Rd2 b5 20. Red1 Nc5 21. Be2 Rfd8 22. Qe3 Rxd2 23. Rxd2 Nce6 24. Bg4 Bc5 25. Qf3 Rd8 26. Qd1 Qb6 27. Rxd8+ Nxd8 28. Qd2 Nde6 29. b4 Bf8 30. Qd7 Qc7 31. Qxc7 Nxc7 32. Be3 c5 33. bxc5 Nge6 34. c6 a6 35. Bxe6 Nxe6 36. Nf1 Bd6 37. Bb6 Kf8 38. Ne3 Bc7 39. Bxc7 Nxc7 40. Nd5 Nxd5 41. exd5 Ke7 42. c7 Kd7 43. d6 f5 44. f3 g5 45. g4 f4 46. Kf2 a5 47. Ke2 e4 48. fxe4 Kc8 49. e5 b4 50. cxb4 axb4 51. e6 h6 52. e7 1-0

[Event "Africa-ch U20"]
[Site "Tiaret"]
[Date "2014.01.25"]
[Round "1"]
[White "Ameir, Moheb"]
[Black "Willenberg, Shane C"]
[Result "1-0"]
[WhiteElo "2291"]
[BlackElo "1893"]
[PlyCount "43"]
[EventDate "2014.01.25"]
[EventType "swiss"]
[EventRounds "9"]
[EventCountry "ALG"]
[SourceTitle "CBM 158 Extra"]
[Source "ChessBase"]
[SourceDate "2014.02.28"]
[SourceVersion "1"]
[SourceVersionDate "2014.02.28"]
[SourceQuality "1"]

1. e4 c5 2. Nf3 g6 3. d4 cxd4 4. Qxd4 Nf6 5. Nc3 Nc6 6. Qa4 d6 7. e5 Ng4 8. Bb5 Bd7 9. exd6 exd6 10. 0-0 Nge5 11. Re1 Bg7 12. Bg5 f6 13. Nxe5 dxe5 14. Be3 0-0 15. Qc4+ Kh8 16. Rad1 Qc8 17. Qh4 a6 18. Bd3 f5 19. Nd5 Qd8 20. Bg5 Qa5 21. Nf6 Bxf6 22. Bxf6+ 1-0

[Event "Pretoria USSA op"]
[Site "Pretoria"]
[Date "2013.12.03"]
[Round "4"]
[White "Willenberg, Shane C"]
[Black "Diamond, Ruben"]
[Result "1/2-1/2"]
[WhiteElo "1805"]
[BlackElo "1568"]
[PlyCount "36"]
[EventDate "2013.12.02"]
[EventType "swiss"]
[EventRounds "9"]
[EventCountry "RSA"]
[SourceTitle "CBM 158 Extra"]
[Source "ChessBase"]
[SourceDate "2014.02.28"]
[SourceVersion "1"]
[SourceVersionDate "2014.02.28"]
[SourceQuality "1"]

1. d4 c6 2. Bf4 Nf6 3. Nf3 d5 4. e3 Qa5+ 5. Qd2 Qxd2+ 6. Nbxd2 Bf5 7. c3 Nbd7 8. Be2 h6 9. h3 e6 10. 0-0 Be7 11. Bh2 0-0 12. Rfe1 Ne4 13. Nxe4 Bxe4 14. Ne5 Rfd8 15. Rad1 Nxe5 16. Bxe5 Bd6 17. Bxd6 Rxd6 18. Bd3 Bxd3 1/2-1/2